Les clubs Seniors en Isère Basket - Statistiques

Statistiques générales
  • Ce quiz a été pris 17 fois
  • Le résultat moyen est 17 sur 74
Statistiques - réponses
Championnat Equipe % Correct
Echirolles
58%
Echirolles
58%
Echirolles
58%
Saint-Marcellin
58%
Voiron
50%
Voiron
50%
Isère Savoie Pont
42%
D3 Masculin Saint-Pierre
42%
Saint-Pierre
42%
Seyssinet
42%
Seyssinet
42%
Eybens
33%
Eybens
33%
Eybens
33%
Nord Isère
33%
Nord Isère
33%
Saint-Clair
33%
Saint-Clair
33%
Saint-Egrève
33%
Saint-Egrève
33%
D2 Masculin Beaucroissant
25%
Champier
25%
Crossey
25%
Gières
25%
Gières
25%
Gresivaudan
25%
Le Versoud
25%
Le Versoud
25%
Marcilloles
25%
D2 Féminin Marcilloles
25%
D3 Féminin Marcilloles
25%
Pré-région Masculin Saint-Martin d'Hères
25%
Saint-Martin d'Hères
25%
Saint Martin d'Hères
25%
Vallons de la Tour
25%
Bavonne
17%
Couleurs
17%
Domène
17%
Estrablin
17%
Estrablin
17%
La Tronche
17%
La Tronche
17%
Monsteroux
17%
Pré-Région Féminin Nivolas
17%
Saint-André
17%
Saint-André
17%
Saint-Georges
17%
Saint-Georges
17%
Saint-Victor
17%
Saint Victor
17%
Sassenage
17%
Sassenage
17%
Terres Froides
17%
Terres Froides
17%
Tullins
17%
Tullins
17%
Allevard
8%
Artas
8%
Chartreuse
8%
Chartreuse
8%
Eyzin-Pinet
8%
Faverges
8%
Frontonas
8%
Goncelin
8%
Les Abrets
8%
Oyeu
8%
Romanche
8%
Romanche
8%
Saint-Agnin
8%
Saint Hilaire du Rosier
8%
Septeme
8%
Valdaine
8%
Valdaine
8%
Voreppe
8%
Aucun quiz correspondant
Distribution des résultats
% des personnes avec chaque résultat
Percentile par nombre de réponses
Votre historique - résultats
Vous n’avez pas pris ce quiz